[Event "Skovbo GM"]
[Site "Borup"]
[Date "2012.09.21"]
[Round "6"]
[White "Kunin, Vitaly L"]
[Black "Solodovnichenko, Yuri"]
[Result "1/2-1/2"]
[WhiteElo "2511"]
[BlackElo "2602"]
[PlyCount "33"]
[EventDate "2012.09.14"]
[EventType "swiss"]
[EventRounds "9"]
[EventCountry "DEN"]
[Source "ChessBase"]
[SourceDate "2012.10.19"]

1. Nf3 c5 2. c4 Nf6 3. Nc3 e6 4. g3 b6 5. Bg2 Bb7 6. O-O Be7 7. d4 cxd4 8. Qxd4
d6 9. Bg5 O-O 10. Rfd1 Nc6 11. Qd2 Qb8 12. Rac1 Rd8 13. h3 h6 14. Be3 d5 15.
cxd5 Nxd5 16. Nxd5 Rxd5 17. Qe1 1/2-1/2

[Event "Skovbo GM"]
[Site "Borup"]
[Date "2012.09.21"]
[Round "6"]
[White "Miezis, Normunds"]
[Black "Kristiansen, Jens"]
[Result "1-0"]
[WhiteElo "2574"]
[BlackElo "2430"]
[PlyCount "69"]
[EventDate "2012.09.14"]
[EventType "swiss"]
[EventRounds "9"]
[EventCountry "DEN"]
[Source "ChessBase"]
[SourceDate "2012.10.19"]

1. c4 g6 2. Nc3 Bg7 3. g3 e5 4. Bg2 d6 5. d3 f5 6. e4 Nc6 7. Nge2 Nh6 8. h4 Ng4
9. f3 Nf6 10. Nd5 Ne7 11. Nxf6+ Bxf6 12. Bh6 c6 13. Qd2 Be6 14. O-O-O Qd7 15.
Kb1 O-O-O 16. Rc1 Kb8 17. d4 fxe4 18. fxe4 Bg4 19. d5 c5 20. Nc3 Ng8 21. Be3
Bg7 22. b4 b6 23. bxc5 bxc5 24. Ka1 Ka8 25. Nb5 Rb8 26. Qa5 Rb7 27. Rb1 Nf6 28.
Rb3 Be2 29. Rc1 Rhb8 30. Rcb1 Rc8 31. Nc3 Rxb3 32. axb3 Ng4 33. Bh3 Qd8 34.
Qxd8 Rxd8 35. Bg5 1-0

[Event "Skovbo GM"]
[Site "Borup"]
[Date "2012.09.21"]
[Round "6"]
[White "Molvig, Julius"]
[Black "Nielsen, Jens Holm"]
[Result "1-0"]
[WhiteElo "1904"]
[BlackElo "1903"]
[PlyCount "103"]
[EventDate "2012.09.14"]
[EventType "swiss"]
[EventRounds "9"]
[EventCountry "DEN"]
[Source "ChessBase"]
[SourceDate "2012.10.19"]

1. d4 d5 2. c4 c6 3. Nf3 Nf6 4. Nc3 g6 5. Bf4 Bg7 6. e3 O-O 7. h3 a6 8. Rc1 Qa5
9. Bd3 Nbd7 10. O-O dxc4 11. Bxc4 Nb6 12. Bd3 Nbd5 13. Bg3 Be6 14. Nd2 Nh5 15.
Bh2 Nxc3 16. Rxc3 Qxa2 17. Bc4 Qa5 18. Bxe6 fxe6 19. Qb3 Qd5 20. Qxb7 e5 21.
Rc5 Qd8 22. Bxe5 Bxe5 23. Rxe5 Rb8 24. Qxc6 Rxb2 25. Ne4 Rb6 26. Qc4+ Kh8 27.
Ng5 Qc8 28. Qxc8 Rxc8 29. Rxe7 Ra8 30. Rxh7+ Kg8 31. Rc7 a5 32. Rc3 a4 33. Ra3
Nf6 34. Rfa1 Rb4 35. Ne6 Nd7 36. g4 Kf7 37. Nf4 g5 38. Nd3 Rc4 39. Nb2 Rc2 40.
Nxa4 Rh8 41. Kg2 Nf6 42. Nc5 Nd5 43. Kg3 Re8 44. Ra7+ Kg8 45. R1a6 Nxe3 46.
Rg6+ Kh8 47. Rxg5 Nf1+ 48. Kh4 Rxf2 49. Rgg7 Rf6 50. Rh7+ Kg8 51. Rag7+ Kf8 52.
Nd7# 1-0

[Event "Skovbo GM"]
[Site "Borup"]
[Date "2012.09.21"]
[Round "6"]
[White "Nilssen, John Arni"]
[Black "Semcesen, Daniel"]
[Result "0-1"]
[WhiteElo "2372"]
[BlackElo "2466"]
[PlyCount "66"]
[EventDate "2012.09.14"]
[EventType "swiss"]
[EventRounds "9"]
[EventCountry "DEN"]
[Source "ChessBase"]
[SourceDate "2012.10.19"]

1. d4 d5 2. c4 dxc4 3. e3 e5 4. Bxc4 exd4 5. exd4 Bd6 6. Nf3 Nf6 7. Qe2+ Be7 8.
O-O O-O 9. h3 Nc6 10. Rd1 Nd5 11. Nc3 Be6 12. Ne4 h6 13. a3 a5 14. Ne5 Bd6 15.
Nxc6 bxc6 16. Qf3 Qh4 17. Bf1 Rfe8 18. Nxd6 cxd6 19. g3 Qe7 20. Bd2 Reb8 21. b3
Qd7 22. Rdc1 Ne7 23. b4 axb4 24. Bxb4 Nd5 25. Be1 Ra4 26. Qd1 Rba8 27. Bb4 Nxb4
28. axb4 Rxa1 29. Rxa1 Rb8 30. Qc2 Bd5 31. Rb1 Qe6 32. b5 cxb5 33. Rxb5 Rxb5
0-1

[Event "Skovbo GM"]
[Site "Borup"]
[Date "2012.09.21"]
[Round "6"]
[White "Pedersen, Hans Dahl"]
[Black "Christensen, Henrik"]
[Result "1-0"]
[WhiteElo "2211"]
[BlackElo "2026"]
[PlyCount "53"]
[EventDate "2012.09.14"]
[EventType "swiss"]
[EventRounds "9"]
[EventCountry "DEN"]
[Source "ChessBase"]
[SourceDate "2012.10.19"]

1. c4 e5 2. g3 d6 3. Bg2 f5 4. Nc3 Nf6 5. d3 c6 6. Nf3 Be7 7. O-O O-O 8. b4 Qe8
9. b5 Qh5 10. c5 e4 11. cxd6 exf3 12. Bxf3 Ng4 13. Bxg4 fxg4 14. dxe7 Re8 15.
Qb3+ Kh8 16. Ba3 Qg6 17. f4 cxb5 18. Nxb5 Qb6+ 19. Rf2 Be6 20. Qb2 Nc6 21. f5
Nxe7 22. fxe6 Ng6 23. Nd4 Qxb2 24. Bxb2 Nf8 25. Raf1 Kg8 26. Rf7 Ng6 27. Nf5
1-0

[Event "Skovbo GM"]
[Site "Borup"]
[Date "2012.09.21"]
[Round "6"]
[White "Skovle, Lars"]
[Black "Andersen, Daniel"]
[Result "0-1"]
[WhiteElo "1658"]
[BlackElo "1890"]
[PlyCount "84"]
[EventDate "2012.09.14"]
[EventType "swiss"]
[EventRounds "9"]
[EventCountry "DEN"]
[Source "ChessBase"]
[SourceDate "2012.10.19"]

1. e4 c5 2. Nf3 a6 3. a4 Nc6 4. Nc3 g6 5. Bc4 Bg7 6. O-O d6 7. d3 Nf6 8. h3 O-O
9. Be3 Ne8 10. Qd2 Nd4 11. Nh2 Nc7 12. Nd1 Bd7 13. c3 b5 14. axb5 axb5 15. Rxa8
Qxa8 16. Bxf7+ Rxf7 17. cxd4 cxd4 18. Bh6 Bxh6 19. Qxh6 Qa4 20. Qc1 Ne6 21. f3
Rf8 22. Nf2 Rc8 23. Qa1 Qc2 24. Rd1 b4 25. Nf1 Qc6 26. Nd2 Nc5 27. Qa2+ b3 28.
Qb1 Qb5 29. Rc1 Be6 30. Nc4 Ra8 31. Na3 Qb4 32. Rd1 Na4 33. Nc4 Bxc4 34. dxc4
Qxc4 35. Rc1 Qe2 36. Nd3 Nc5 37. Nxc5 dxc5 38. Rxc5 Ra2 39. Qc1 Rxb2 40. Qc4+
Qxc4 41. Rxc4 Rc2 42. Rxd4 b2 0-1

[Event "Skovbo GM"]
[Site "Borup"]
[Date "2012.09.21"]
[Round "6"]
[White "Stojanovski, Sandi"]
[Black "Andersen, Bjarne Hjorth"]
[Result "1-0"]
[WhiteElo "2214"]
[BlackElo "2035"]
[PlyCount "68"]
[EventDate "2012.09.14"]
[EventType "swiss"]
[EventRounds "9"]
[EventCountry "DEN"]
[Source "ChessBase"]
[SourceDate "2012.10.19"]

1. d4 Nf6 2. c4 g6 3. Nc3 d5 4. cxd5 Nxd5 5. e4 Nxc3 6. bxc3 Bg7 7. Bc4 c5 8.
Ne2 O-O 9. O-O Nc6 10. Be3 Qc7 11. Rc1 Rd8 12. Bf4 Qd7 13. d5 Na5 14. Bd3 b6
15. c4 Ba6 16. Bd2 Nc6 17. Bc3 Bxc3 18. Nxc3 Ne5 19. Qe2 e6 20. f4 Nxd3 21.
Qxd3 Bb7 22. f5 exd5 23. exd5 Re8 24. Ne4 Qe7 25. fxg6 hxg6 26. Nf6+ Kf8 27.
Nxe8 Rxe8 28. Qxg6 Qe3+ 29. Kh1 Re7 30. Qf6 Qe5 31. Qxe5 Rxe5 32. Rce1 Rg5 33.
Rf2 b5 34. d6 bxc4 1-0

[Event "Skovbo GM"]
[Site "Borup"]
[Date "2012.09.21"]
[Round "6"]
[White "Stuhr, Finn"]
[Black "Preuss, Flemming"]
[Result "0-1"]
[WhiteElo "1657"]
[BlackElo "1990"]
[PlyCount "78"]
[EventDate "2012.09.14"]
[EventType "swiss"]
[EventRounds "9"]
[EventCountry "DEN"]
[Source "ChessBase"]
[SourceDate "2012.10.19"]

1. e4 d6 2. d4 Nf6 3. Nc3 e5 4. dxe5 dxe5 5. Qxd8+ Kxd8 6. Bg5 Be6 7. Nf3 Nbd7
8. Bd3 Bd6 9. O-O Ke7 10. Nb5 a6 11. Nxd6 cxd6 12. b3 b5 13. Nh4 Rhc8 14. Rad1
Rc6 15. Rd2 Rac8 16. f3 h6 17. Be3 g5 18. Nf5+ Bxf5 19. exf5 d5 20. Rc1 d4 21.
Bf2 Nc5 22. Re1 Nxd3 23. cxd3 Rc1 24. Rde2 Rxe1+ 25. Rxe1 Kd6 26. g4 Nd5 27.
Bg3 f6 28. Rd1 Rc2 29. Ra1 Rd2 30. Be1 Rxd3 31. Kf2 Nc3 32. Rc1 b4 33. Ra1 e4
34. fxe4 Nxe4+ 35. Ke2 Re3+ 36. Kf1 a5 37. Rc1 Nc3 38. Bg3+ Kd5 39. Bc7 d3 0-1

[Event "Skovbo GM"]
[Site "Borup"]
[Date "2012.09.21"]
[Round "6"]
[White "Teplyi, Igor"]
[Black "Rhee, Alexander H"]
[Result "1-0"]
[WhiteElo "2377"]
[BlackElo "2183"]
[PlyCount "65"]
[EventDate "2012.09.14"]
[EventType "swiss"]
[EventRounds "9"]
[EventCountry "DEN"]
[Source "ChessBase"]
[SourceDate "2012.10.19"]

1. g3 c5 2. c4 Nc6 3. Bg2 g6 4. Nc3 Bg7 5. d3 d6 6. a3 a6 7. Rb1 Rb8 8. e3 Bd7
9. Nge2 b5 10. cxb5 axb5 11. b4 cxb4 12. axb4 Nf6 13. d4 O-O 14. O-O Na7 15. h3
h6 16. d5 Qc8 17. Kh2 Qc4 18. Rb3 Nc8 19. e4 Nb6 20. f4 Rfc8 21. Re1 Na4 22.
Bd2 h5 23. e5 Ne8 24. Nc1 e6 25. Qe2 Nb6 26. Qd3 exd5 27. Nxd5 Kf8 28. Nxb6
Rxb6 29. Be3 Ra6 30. Qd2 Bc6 31. exd6 Bxg2 32. d7 Bb7 33. Bc5+ 1-0

[Event "Skovbo GM"]
[Site "Borup"]
[Date "2012.09.21"]
[Round "6"]
[White "Vijayalakshmi, Subbaraman"]
[Black "Bejtovic, Jasmin"]
[Result "1-0"]
[WhiteElo "2387"]
[BlackElo "2390"]
[PlyCount "85"]
[EventDate "2012.09.14"]
[EventType "swiss"]
[EventRounds "9"]
[EventCountry "DEN"]
[Source "ChessBase"]
[SourceDate "2012.10.19"]

1. Nf3 Nf6 2. g3 g6 3. b3 Bg7 4. Bb2 d6 5. Bg2 O-O 6. O-O c5 7. Re1 Nc6 8. e4
e5 9. d3 b5 10. a4 b4 11. Nbd2 Nd4 12. Nxd4 cxd4 13. a5 Be6 14. Nc4 Bxc4 15.
dxc4 Nd7 16. Rf1 Nc5 17. Bc1 Rb8 18. Bd2 f5 19. Qe1 f4 20. f3 d3 21. Qb1 dxc2
22. Qxc2 Ne6 23. Ra4 Qc7 24. Be1 Nd4 25. Qd3 Qc5 26. Bf2 h5 27. Kh1 g5 28. gxf4
gxf4 29. Bh3 Bf6 30. Be6+ Kh8 31. Rg1 Qc7 32. Bxd4 exd4 33. Ra2 Rbe8 34. Bd5
Re5 35. Rag2 Qe7 36. Rg6 Kh7 37. Bg8+ Rxg8 38. Rxg8 Bg5 39. Rb8 Rxa5 40. e5+
Kg7 41. exd6 Qxd6 42. Rb7+ Kf6 43. Qh7 1-0

[Event "Skovbo GM"]
[Site "Borup"]
[Date "2012.09.21"]
[Round "6"]
[White "Zubarev, Alexander2"]
[Black "Bekker Jensen, Simon"]
[Result "1-0"]
[WhiteElo "2590"]
[BlackElo "2402"]
[PlyCount "77"]
[EventDate "2012.09.14"]
[EventType "swiss"]
[EventRounds "9"]
[EventCountry "DEN"]
[Source "ChessBase"]
[SourceDate "2012.10.19"]

1. d4 Nf6 2. g3 g6 3. Bg2 Bg7 4. e4 d6 5. Ne2 O-O 6. Nbc3 e5 7. O-O c6 8. a4 b6
9. h3 Na6 10. Be3 Nb4 11. Qd2 Bb7 12. d5 cxd5 13. exd5 h5 14. f4 Qd7 15. fxe5
dxe5 16. Rxf6 Bxf6 17. Ne4 Be7 18. Qxb4 Bxd5 19. Qb5 Qxb5 20. axb5 Kg7 21. N2c3
Bb7 22. Nd2 Bxg2 23. Kxg2 Rfd8 24. Nc4 f6 25. Ra6 Kf7 26. b3 Ke6 27. Na4 Kf7
28. Kf3 Bf8 29. Ke2 Bg7 30. Naxb6 axb6 31. Nxb6 Rab8 32. c4 f5 33. Ra7+ Kg8 34.
Nd7 Ra8 35. b6 Rxa7 36. bxa7 Ra8 37. b4 f4 38. Bg1 Kf7 39. b5 1-0

[Event "Skovbo GM"]
[Site "Borup"]
[Date "2012.09.22"]
[Round "7"]
[White "Andersen, Bjarne Hjorth"]
[Black "Bintzik, Bernhard"]
[Result "0-1"]
[WhiteElo "2035"]
[BlackElo "1970"]
[PlyCount "54"]
[EventDate "2012.09.14"]
[EventType "swiss"]
[EventRounds "9"]
[EventCountry "DEN"]
[Source "ChessBase"]
[SourceDate "2012.10.19"]

1. e4 e6 2. d4 d5 3. Nd2 Nf6 4. Bd3 b6 5. Ngf3 Be7 6. O-O c5 7. dxc5 bxc5 8. c3
Bb7 9. exd5 exd5 10. Bb5+ Nbd7 11. Re1 O-O 12. Nf1 Bd6 13. Bg5 Qb6 14. Qa4 Qc7
15. Bxd7 Nxd7 16. Be7 Bc6 17. Qh4 Rfe8 18. Bxd6 Qxd6 19. Ng3 Ne5 20. Nxe5 Rxe5
21. Qg4 Rae8 22. Rxe5 Qxe5 23. h4 d4 24. cxd4 cxd4 25. Nf5 d3 26. Rd1 g6 27.
Nd4 h5 0-1

[Event "Skovbo GM"]
[Site "Borup"]
[Date "2012.09.22"]
[Round "7"]
[White "Andersen, Daniel"]
[Black "Eriksson, Christian Altenburg"]
[Result "1-0"]
[WhiteElo "1890"]
[BlackElo "2118"]
[PlyCount "101"]
[EventDate "2012.09.14"]
[EventType "swiss"]
[EventRounds "9"]
[EventCountry "DEN"]
[Source "ChessBase"]
[SourceDate "2012.10.19"]

1. c4 c5 2. Nf3 Nc6 3. Nc3 g6 4. g3 Bg7 5. Bg2 d6 6. O-O e5 7. d3 Nge7 8. Bg5
f6 9. Bd2 O-O 10. Ne1 Be6 11. Nd5 Rb8 12. a4 a5 13. Nc2 Nb4 14. Nce3 Nec6 15.
Nxb4 axb4 16. Nd5 f5 17. Rb1 g5 18. f4 exf4 19. gxf4 g4 20. Be1 Kh8 21. e3 Qd7
22. Bf2 Rbe8 23. Qc2 Qf7 24. Rbd1 Ne7 25. Nc7 Rb8 26. Nxe6 Qxe6 27. d4 Qf6 28.
b3 b6 29. Rd3 Ng6 30. Rfd1 Rbd8 31. Qd2 Rb8 32. dxc5 dxc5 33. Rd6 Qc3 34. Qd3
Bf6 35. Rd5 Qxd3 36. R1xd3 Rfd8 37. Bf1 Rxd5 38. Rxd5 Ne7 39. Rd6 Kg7 40. h3 h5
41. hxg4 hxg4 42. Bd3 Kf7 43. e4 fxe4 44. Bxe4 Kg7 45. Bg3 Kf7 46. f5 Re8 47.
Rxb6 Rd8 48. Rd6 Nc8 49. Bd5+ Kg7 50. Rxf6 Rxd5 51. Rg6+ 1-0

[Event "Skovbo GM"]
[Site "Borup"]
[Date "2012.09.22"]
[Round "7"]
[White "Bejtovic, Jasmin"]
[Black "Molvig, Julius"]
[Result "1-0"]
[WhiteElo "2390"]
[BlackElo "1904"]
[PlyCount "67"]
[EventDate "2012.09.14"]
[EventType "swiss"]
[EventRounds "9"]
[EventCountry "DEN"]
[Source "ChessBase"]
[SourceDate "2012.10.19"]

1. e4 c5 2. Nc3 d6 3. Nf3 Nc6 4. d4 cxd4 5. Nxd4 Nf6 6. Bc4 e6 7. Bb3 Be7 8.
O-O O-O 9. f4 Nd7 10. Be3 a6 11. f5 Nxd4 12. Bxd4 Ne5 13. fxe6 fxe6 14. Rxf8+
Qxf8 15. Bxe5 dxe5 16. Qd3 b5 17. Rf1 Bc5+ 18. Kh1 Qe7 19. Qg3 Bd6 20. Nd5 Qa7
21. Nf6+ Kh8 22. Ne8 Qe7 23. Nxd6 Qxd6 24. Qxe5 Qe7 25. Bd5 Bb7 26. Bxb7 Qxb7
27. Qxe6 Rd8 28. h3 h6 29. Rf7 Qb8 30. e5 Rd1+ 31. Kh2 Re1 32. Re7 Kh7 33. Qf5+
Kh8 34. Qg6 1-0

[Event "Skovbo GM"]
[Site "Borup"]
[Date "2012.09.22"]
[Round "7"]
[White "Bekker Jensen, Simon"]
[Black "Pedersen, Hans Dahl"]
[Result "1-0"]
[WhiteElo "2402"]
[BlackElo "2211"]
[PlyCount "66"]
[EventDate "2012.09.14"]
[EventType "swiss"]
[EventRounds "9"]
[EventCountry "DEN"]
[Source "ChessBase"]
[SourceDate "2012.10.19"]

1. d4 d5 2. c4 c6 3. Nf3 Nf6 4. Nc3 a6 5. a4 Nbd7 6. cxd5 cxd5 7. Bf4 e6 8. e3
Be7 9. Bd3 Nh5 10. O-O Nxf4 11. exf4 O-O 12. Qb3 Qa5 13. f5 Nb6 14. Rfe1 Bf6
15. Qc2 exf5 16. b4 Qxb4 17. a5 Bxd4 18. Nxd4 Qxd4 19. axb6 Be6 20. Rab1 Rac8
21. Rec1 Rc6 22. Ne2 Qf6 23. Qa4 Bd7 24. Rxc6 Bxc6 25. Qd4 Qe7 26. Qb4 Qf6 27.
Nd4 g6 28. Bxa6 Ra8 29. Nxc6 Qxc6 30. Bf1 Ra2 31. Qd4 Ra4 32. Qe5 d4 33. Rd1
Qxb6 1-0

[Event "Skovbo GM"]
[Site "Borup"]
[Date "2012.09.22"]
[Round "7"]
[White "Danielsen, Henrik"]
[Black "Kunin, Vitaly L"]
[Result "1-0"]
[WhiteElo "2509"]
[BlackElo "2511"]
[PlyCount "127"]
[EventDate "2012.09.14"]
[EventType "swiss"]
[EventRounds "9"]
[EventCountry "DEN"]
[Source "ChessBase"]
[SourceDate "2012.10.19"]

1. Nf3 Nf6 2. g3 b5 3. d4 Bb7 4. Bg2 e6 5. Bg5 Be7 6. Bxf6 Bxf6 7. c3 Be7 8.
O-O O-O 9. Qd3 d5 10. Nbd2 a5 11. Rfe1 b4 12. c4 Nd7 13. e4 Nf6 14. exd5 exd5
15. c5 c6 16. Qb3 Qc7 17. Ne5 Rfe8 18. Ndf3 Nd7 19. Nxd7 Qxd7 20. Re3 Bf6 21.
Rae1 Kf8 22. Qd3 g6 23. Ne5 Bxe5 24. Rxe5 Rxe5 25. Rxe5 f6 26. Qf3 Kg7 27. Re3
Re8 28. Bf1 Re7 29. Qf4 Rxe3 30. Qxe3 Kf7 31. Qh6 Kg8 32. Qf4 Qd8 33. h4 Kg7
34. Bd3 Bc8 35. Qb8 Qe8 36. Qc7+ Kh6 37. Kg2 a4 38. Qf4+ Kg7 39. Qd2 Bf5 40.
Bxf5 gxf5 41. Qxb4 Qe4+ 42. Kg1 Qb1+ 43. Kh2 Qc2 44. Qe1 Qxb2 45. Qe7+ Kg8 46.
Qe8+ Kg7 47. Kg2 Qxd4 48. Qxc6 Qe4+ 49. Kh2 h5 50. Qd7+ Kg6 51. c6 Qe2 52. Qa7
f4 53. gxf4 Qc4 54. f5+ Kxf5 55. Qd7+ Ke5 56. c7 Qxh4+ 57. Kg1 Qg5+ 58. Kf1
Qc1+ 59. Kg2 Qg5+ 60. Kh3 Qc1 61. Qe8+ Kd6 62. c8=Q Qh1+ 63. Kg3 Qg1+ 64. Kf3
1-0

[Event "Skovbo GM"]
[Site "Borup"]
[Date "2012.09.22"]
[Round "7"]
[White "Hagerup, Per"]
[Black "Christensen, Casper"]
[Result "0-1"]
[WhiteElo "1660"]
[BlackElo "1995"]
[PlyCount "74"]
[EventDate "2012.09.14"]
[EventType "swiss"]
[EventRounds "9"]
[EventCountry "DEN"]
[Source "ChessBase"]
[SourceDate "2012.10.19"]

1. e4 d6 2. d4 g6 3. Nf3 Bg7 4. c3 Nf6 5. Bd3 O-O 6. O-O Nc6 7. h3 e5 8. d5 Ne7
9. Nh2 Nh5 10. Be2 Nf4 11. Bxf4 exf4 12. Nd2 f5 13. f3 c6 14. Nb3 Qb6+ 15. Kh1
fxe4 16. fxe4 cxd5 17. exd5 Nf5 18. Nf3 Ng3+ 19. Kh2 Nxf1+ 20. Qxf1 Bd7 21. Rd1
a5 22. Rd2 a4 23. Nbd4 Ra5 24. Ne6 Bxe6 25. dxe6 d5 26. Qd1 Qxe6 27. c4 dxc4
28. Rd6 Qc8 29. h4 Bxb2 30. Ng5 Be5 31. Bg4 f3+ 32. Kh3 f2 33. Qc2 Bxd6 34.
Bxc8 f1=Q 35. Be6+ Kh8 36. Qc3+ Be5 37. Qxa5 Qh1+ 0-1

[Event "Skovbo GM"]
[Site "Borup"]
[Date "2012.09.22"]
[Round "7"]
[White "Hansen, Lars Henrik Bech"]
[Black "Andersen, Troels Baekgaard"]
[Result "1-0"]
[WhiteElo "2013"]
[BlackElo "1771"]
[PlyCount "59"]
[EventDate "2012.09.14"]
[EventType "swiss"]
[EventRounds "9"]
[EventCountry "DEN"]
[Source "ChessBase"]
[SourceDate "2012.10.19"]

1. e4 e6 2. d4 d5 3. Nc3 dxe4 4. Nxe4 Nf6 5. Nxf6+ Qxf6 6. Nf3 h6 7. Bd3 c5 8.
Be3 Nd7 9. Qe2 Be7 10. O-O O-O 11. c3 e5 12. dxc5 Bxc5 13. Rad1 Qb6 14. Bc1 Qc7
15. Rfe1 Re8 16. Bf4 Bd6 17. Bc2 Re6 18. Bg3 b6 19. Qe4 Bb7 20. Qh7+ Kf8 21.
Qh8+ Ke7 22. Qxg7 Rf8 23. Bf5 Rf6 24. Bxd7 Rg6 25. Bh4+ Kxd7 26. Nxe5+ Kc8 27.
Nxg6 fxg6 28. Qxf8+ Bxf8 29. Re8+ Qd8 30. Rexd8+ 1-0

[Event "Skovbo GM"]
[Site "Borup"]
[Date "2012.09.22"]
[Round "7"]
[White "Jorgensen, Alexander Torp"]
[Black "Skovle, Lars"]
[Result "1-0"]
[WhiteElo "1584"]
[BlackElo "1658"]
[PlyCount "53"]
[EventDate "2012.09.14"]
[EventType "swiss"]
[EventRounds "9"]
[EventCountry "DEN"]
[Source "ChessBase"]
[SourceDate "2012.10.19"]

1. e4 Nf6 2. e5 Nd5 3. d4 d6 4. c4 Nb6 5. f4 g6 6. Nf3 Bg4 7. Nc3 Bg7 8. Be2
O-O 9. Be3 c6 10. b3 d5 11. c5 Nc8 12. h3 Bxf3 13. Bxf3 Na6 14. g4 f5 15. g5
Kf7 16. h4 h5 17. gxh6 Bxh6 18. h5 Rg8 19. hxg6+ Kg7 20. Bh5 Nc7 21. b4 a6 22.
a3 Ne6 23. Qf3 Na7 24. a4 b6 25. Qh3 Qf8 26. Bg4 Kxg6 27. Qh5+ 1-0

[Event "Skovbo GM"]
[Site "Borup"]
[Date "2012.09.22"]
[Round "7"]
[White "Kristiansen, Jens"]
[Black "Jorgensen, Brian Jorgen"]
[Result "1/2-1/2"]
[WhiteElo "2430"]
[BlackElo "2244"]
[PlyCount "82"]
[EventDate "2012.09.14"]
[EventType "swiss"]
[EventRounds "9"]
[EventCountry "DEN"]
[Source "ChessBase"]
[SourceDate "2012.10.19"]

1. d4 e6 2. Nf3 f5 3. g3 Nf6 4. Bg2 d5 5. O-O c6 6. c4 Bd6 7. Qc2 O-O 8. Nc3
Ne4 9. Rb1 Bd7 10. b4 b5 11. c5 Bc7 12. a4 a5 13. axb5 cxb5 14. Bf4 Bxf4 15.
gxf4 axb4 16. Na2 Rxa2 17. Qxa2 Nc3 18. Qd2 Nxb1 19. Rxb1 Nc6 20. e3 Qa5 21.
Bf1 Ra8 22. Ne5 Nxe5 23. fxe5 Bc6 24. Kg2 Qa3 25. Qxb4 Qxb4 26. Rxb4 Ra5 27.
Kf3 g5 28. Rb2 Kf7 29. Bd3 Ke7 30. Ke2 Kd8 31. h3 Kc7 32. f4 h6 33. Kd2 Kb7 34.
Be2 Ka6 35. Kc3 Ra3+ 36. Rb3 Rxb3+ 37. Kxb3 Ka5 38. Bh5 b4 39. Bf7 Ba4+ 40. Kb2
Bd7 41. Bh5 Bb5 1/2-1/2

[Event "Skovbo GM"]
[Site "Borup"]
[Date "2012.09.22"]
[Round "7"]
[White "Larsen, Karsten"]
[Black "Sorensen, Dick"]
[Result "1-0"]
[WhiteElo "2288"]
[BlackElo "2041"]
[PlyCount "77"]
[EventDate "2012.09.14"]
[EventType "swiss"]
[EventRounds "9"]
[EventCountry "DEN"]
[Source "ChessBase"]
[SourceDate "2012.10.19"]

1. e4 c5 2. Nf3 e6 3. d3 Nc6 4. g3 d6 5. Bg2 Nf6 6. O-O Be7 7. Re1 O-O 8. c3 d5
9. Nbd2 b6 10. e5 Nd7 11. Nf1 Bb7 12. h4 Qc7 13. Bf4 b5 14. N1h2 Nb6 15. Ng5 g6
16. Ng4 d4 17. Nh6+ Kg7 18. Nhxf7 Bxg5 19. Nxg5 Rae8 20. Qg4 Nd8 21. Bxb7 Qxb7
22. Ne4 Nf7 23. Nxc5 Qd5 24. cxd4 h5 25. Qe2 Qxd4 26. Nb3 Qd5 27. d4 Nh6 28.
Bxh6+ Kxh6 29. Qe4 Qxe4 30. Rxe4 Nc4 31. Re2 g5 32. hxg5+ Kxg5 33. Nc5 Re7 34.
Kg2 Kh6 35. Rh1 Rg8 36. Ne4 a5 37. Nf6 Rg5 38. f4 Rf5 39. Ng8+ 1-0

[Event "Skovbo GM"]
[Site "Borup"]
[Date "2012.09.22"]
[Round "7"]
[White "Marthedal, Anton Mehmet Yildiz"]
[Black "Rasmussen, Henning Lau"]
[Result "1/2-1/2"]
[WhiteElo "1352"]
[BlackElo "1783"]
[PlyCount "49"]
[EventDate "2012.09.14"]
[EventType "swiss"]
[EventRounds "9"]
[EventCountry "DEN"]
[Source "ChessBase"]
[SourceDate "2012.10.19"]

1. c4 e5 2. Nc3 Nf6 3. g3 d5 4. cxd5 Nxd5 5. Qa4+ c6 6. Bg2 Nb6 7. Qc2 Be6 8.
Nf3 f6 9. O-O Be7 10. d3 O-O 11. e4 c5 12. Be3 Nc6 13. a3 Nd4 14. Bxd4 cxd4 15.
Ne2 Rc8 16. Qd2 Qd7 17. Rfc1 Qb5 18. Qd1 Qxb2 19. Rcb1 Qc2 20. Qxc2 Rxc2 21.
Nexd4 exd4 22. Nxd4 Rc6 23. Nxc6 bxc6 24. Rc1 c5 25. Rc2 1/2-1/2

[Event "Skovbo GM"]
[Site "Borup"]
[Date "2012.09.22"]
[Round "7"]
[White "Miezis, Normunds"]
[Black "Zubarev, Alexander2"]
[Result "1-0"]
[WhiteElo "2574"]
[BlackElo "2590"]
[PlyCount "139"]
[EventDate "2012.09.14"]
[EventType "swiss"]
[EventRounds "9"]
[EventCountry "DEN"]
[Source "ChessBase"]
[SourceDate "2012.10.19"]

1. c4 e5 2. g3 Nf6 3. Bg2 d5 4. cxd5 Nxd5 5. Nf3 Nc6 6. O-O Nb6 7. d3 Be7 8. a3
Be6 9. Nc3 O-O 10. b4 Nd4 11. Rb1 f6 12. Ne4 Nxf3+ 13. Bxf3 Bd5 14. Be3 Rf7 15.
Qc2 c6 16. Bc5 Nd7 17. Bh5 g6 18. Bf3 Nf8 19. Nd2 Bxc5 20. Qxc5 Ne6 21. Qe3 Nd4
22. Bxd5 Qxd5 23. Rfc1 Re8 24. f3 f5 25. Rc5 Qa2 26. Rxe5 Rxe5 27. Qxe5 Qxd2
28. Qxd4 Qxe2 29. b5 Qxf3 30. Re1 Qd5 31. Re8+ Rf8 32. Qxd5+ cxd5 33. Re5 Kf7
34. Rxd5 Ke6 35. Rc5 Rd8 36. Rc3 b6 37. Kf2 Rd5 38. a4 Rd4 39. Rc7 Rd7 40. Rc3
Kd5 41. Rc4 Re7 42. h4 Re4 43. Rc7 Rxa4 44. Rxh7 Kc5 45. Rg7 Kxb5 46. Rxg6 a5
47. h5 Ra2+ 48. Kg1 Rc2 49. h6 Rc8 50. Rf6 a4 51. Rxf5+ Ka6 52. g4 a3 53. g5 b5
54. h7 b4 55. Rf1 b3 56. g6 b2 57. g7 Rc1 58. g8=Q Rxf1+ 59. Kxf1 b1=Q+ 60. Ke2
Qc2+ 61. Ke3 Qc1+ 62. Ke4 Qe1+ 63. Kd4 Qf2+ 64. Kd5 Qf3+ 65. Kc4 Qc6+ 66. Kd4
Qf6+ 67. Ke4 Qh4+ 68. Kd5 Qh1+ 69. Kd6 Qh2+ 70. Kd7 1-0

[Event "Skovbo GM"]
[Site "Borup"]
[Date "2012.09.22"]
[Round "7"]
[White "Olsen, Michael Richard W"]
[Black "Hansen, Erik Levin"]
[Result "1-0"]
[WhiteElo "1997"]
[BlackElo "1753"]
[PlyCount "69"]
[EventDate "2012.09.14"]
[EventType "swiss"]
[EventRounds "9"]
[EventCountry "DEN"]
[Source "ChessBase"]
[SourceDate "2012.10.19"]

1. e4 c5 2. Nf3 Nc6 3. d4 cxd4 4. Nxd4 d6 5. Be3 Nf6 6. Nc3 e5 7. Nb3 a6 8. Be2
Be7 9. Nd5 Nxd5 10. exd5 Nb8 11. Qd2 f5 12. f4 Nd7 13. O-O-O Nf6 14. Qb4 Ne4
15. g4 exf4 16. Bb6 Qd7 17. gxf5 Nf6 18. Nd4 Nxd5 19. Bh5+ g6 20. fxg6 O-O 21.
Qb3 Bf6 22. Qxd5+ Kh8 23. gxh7 Qh3 24. Rd3 Qh4 25. Nf3 Qh3 26. Nd4 Qh4 27. Bf3
Be5 28. Ba5 Qf6 29. Bc3 Bf5 30. Nxf5 Bxc3 31. Rxc3 Qxf5 32. Qxf5 Rxf5 33. Bxb7
Re8 34. Rc8 Rxc8 35. Bxc8 1-0

[Event "Skovbo GM"]
[Site "Borup"]
[Date "2012.09.22"]
[Round "7"]
[White "Pedersen, Sven"]
[Black "Nilssen, John Arni"]
[Result "0-1"]
[WhiteElo "2121"]
[BlackElo "2372"]
[PlyCount "42"]
[EventDate "2012.09.14"]
[EventType "swiss"]
[EventRounds "9"]
[EventCountry "DEN"]
[Source "ChessBase"]
[SourceDate "2012.10.19"]

1. e4 c5 2. Nf3 d6 3. d4 cxd4 4. Nxd4 a6 5. Bd3 e6 6. Be3 Nd7 7. Nb3 Qc7 8. f4
Ngf6 9. O-O Be7 10. N1d2 b6 11. g4 h5 12. h3 hxg4 13. hxg4 Bb7 14. g5 Nh5 15.
Qg4 g6 16. Rae1 O-O-O 17. Nf3 Kb8 18. f5 gxf5 19. exf5 Rdg8 20. Nbd4 e5 21. Ne2
e4 0-1